000 00865nam a2200301Ia 4500
003 OSt
005 20221006154114.0
006 a|||||r|||| 00| 0
007 ta
008 221006b |||||||| |||| 00| 0 eng d
020 _a9780520245709
020 _a9780520245709
_c
_33.95
024 _a34,426
037 _cTextual
040 _aEASL
_cEASL
_beng
041 _2eng
_aeng
082 _aV41:194.P02, P5
100 _aShambaugh David Ed.
_9466998
245 0 _aPower shift
_b China and Asia's new dynamics
260 _aBerkeley
_bUniversity of California Press
_c2005
300 _a383p
_ccm.
490 _v CEL
650 _a CEL
650 _a China - Japan - Relations
_9666637
650 _aAsia - Foreign relations - China
_9666638
942 _hV41:194.P02, P5
_cTEXL
_2CC
999 _c1102512
_d1102512